Central Library OPAC University of Rajshahi

نقشهاى رنگ رنگ / Naqshhā-yi rang rang / (Record no. 82903)

MARC details
000 -LEADER
fixed length control field 01053cam a2200229 a 4500
001 - CONTROL NUMBER
control field 82903
003 - CONTROL NUMBER IDENTIFIER
rucl marc code BD-RjUL
005 - DATE AND TIME OF LATEST TRANSACTION
control field 20240201125532.0
008 - FIXED-LENGTH DATA ELEMENTS--GENERAL INFORMATION
fixed length control field 950223s1970 enka b 100 0 eng d
035 ## - SYSTEM CONTROL NUMBER
System control number (BD-RjUL)82903
040 ## - CATALOGING SOURCE
Original cataloging agency Uk
Transcribing agency Uk
Modifying agency NcU
-- DLC
Language of cataloging eng
041 ## - LANGUAGE CODE
Language code of text/sound track or separate title urd
082 00 - DEWEY DECIMAL CLASSIFICATION NUMBER
Classification number 891.439
Edition number 21
Author mark and year GHN 1970
100 ## - MAIN ENTRY--PERSONAL NAME
Personal name غالب، ميرزا اسد الله خان ;; Ghalib, Mirza Asadullah Khan
9 (RLIN) 3816
245 00 - TITLE STATEMENT
Title نقشهاى رنگ رنگ / Naqshhā-yi rang rang /
Statement of responsibility, etc. Authors:lغالب کى فارسى غزليات و مثنويات کا انتخاب ؛ انتخاب و ترجمه ظهير احمد صديقى..Ghālib kī Fārsī ghazalīyāt va mas̲navīyāt kā intikhāb ; intikhāb va tarjumah-i Ẓahīr Aḥmad Ṣiddīqī., Mirza Asadullah Khan Ghalib,
260 ## - PUBLICATION, DISTRIBUTION, ETC. (IMPRINT)
Place of publication, distribution, etc. Delhi :
Name of publisher, distributor, etc. دهلى يونيورسٹى,
Date of publication, distribution, etc. 1970
300 ## - PHYSICAL DESCRIPTION
Pagination 415 p. ;
Size 21 cm.
504 ## - BIBLIOGRAPHY, ETC. NOTE
Bibliography, etc Includes bibliographical references.
650 ## - SUBJECT ADDED ENTRY--TOPICAL TERM
Topical term or geographic name as entry element Persian Poetry
700 ## - ADDED ENTRY--PERSONAL NAME
Personal name صدیقی٫ ظهير احمد ;; Siddiqui, Zaheer Ahmed
942 ## - ADDED ENTRY ELEMENTS (KOHA)
Source of classification or shelving scheme Dewey Decimal Classification
Koha item type Books
Holdings
Lost status Source of classification or shelving scheme Damaged status Not for loan Collection code Permanent Location Current Location Shelving location Date acquired Source of acquisition Full call number Date last seen Copy number Koha item type
  Dewey Decimal Classification   Not For Loan Non-fiction Central Library, University of Rajshahi Central Library, University of Rajshahi General Stacks 20/03/1980 دهلى يونيورسٹى U 891.439 GHN 1970 01/02/2024 C-2 Books